El Yangunturo

Guardat en:
Dades bibliogràfiques
Autor principal: Andaluz, Antonio (Autor)
Format: Llibre
Idioma:espanyol
Publicat: Lima Proterra 1992
Edició:1a. ed
Matèries:
Etiquetes: Afegir etiqueta
Sense etiquetes, Sigues el primer a etiquetar aquest registre!

MARC

LEADER 00000nam a2200000 a 4500
001 UCK4214
003 CL-VaPUC
008 050527e19920000PE |||||||||||||||||spa|d
082 0 4 |a Pe861  |b AND  |2 21 
100 0 |a Andaluz, Antonio  |e author  |9 492684 
245 1 3 |a El Yangunturo 
250 |a 1a. ed 
300 |a 150 p 
942 |c BK 
945 |d 20050527 00:00:00  |a cmena 
260 |a Lima  |b Proterra  |c 1992 
650 0 |a Poesías peruanas   |9 267668 
650 0 |a Literatura peruana  |9 257452 
650 0 |a Medio ambiente  |9 257625 
583 |a last modification  |c 20050527 00:00:00  |k Rodrigo Vera 
999 |c 313154  |d 313152 
952 |0 0  |1 0  |4 0  |6 PE_861_000000000000000_AND_1992  |7 0  |8 P  |9 384256  |a BIBDER  |b BIBDER  |d 2019-11-22  |i 4120310  |o Pe861 AND 1992  |p 4120310  |r 2023-01-25  |w 2019-11-22  |y BK  |k DER